All Pokemon TCG Sets - Statistics

General Stats
  • This quiz has been taken 191 times
  • The average score is 35 of 93
Answer Stats
Hint Answer % Correct
Original Series Base Set
93%
Original Series Jungle
81%
Original Series Fossil
80%
XY Series XY
74%
Sword & Shield Series Sword & Shield
72%
Sun & Moon Series Sun & Moon
71%
Original Series Base Set 2
69%
Diamond & Pearl Series Diamond & Pearl
66%
Black & White Series Black & White
64%
XY Series Evolutions
64%
Original Series Gym Heroes
59%
Original Series Rocket
59%
Original Series Gym Challenge
58%
HeartGold & SoulSilver Series HeartGold & SoulSilver
56%
Neo Sets Neo Genesis
56%
Neo Sets Neo Destiny
55%
EX Series Dragon
50%
XY Series Steam Siege
50%
Sun & Moon Series Team Up
50%
Sun & Moon Series Hidden Fates
49%
Sword & Shield Series Rebel Clash
49%
XY Series Breakpoint
48%
Sword & Shield Series Darkness Ablaze
48%
E-Card Series Aquapolis
45%
XY Series Breakthrough
45%
Sun & Moon Series Cosmic Eclipse
45%
XY Series Flashfire
45%
Neo Sets Neo Discovery
45%
Neo Sets Neo Revelation
45%
EX Series Ruby & Sapphire
45%
E-Card Series Skyridge
45%
XY Series Generations
42%
XY Series Phantom Forces
40%
Diamond & Pearl Series Platinum
40%
XY Series Fates Collide
39%
Neo Sets Legendary Collection
39%
XY Series Roaring Skies
39%
EX Series Holon Phantoms
38%
EX Series Team Rocket Returns
38%
Sun & Moon Series Burning Shadows
37%
Sun & Moon Series Shining Legends
37%
XY Series Ancient Origins
36%
Diamond & Pearl Series Arceus
36%
Sun & Moon Series Crimson Invasion
36%
EX Series Deoxys
36%
E-Card Series Expedition
36%
Sun & Moon Series Guardians Rising
36%
XY Series Primal Clash
36%
Black & White Series Plasma Freeze
35%
Sun & Moon Series Ultra Prism
35%
EX Series Delta Species
34%
XY Series Furious Fists
34%
Black & White Series Plasma Blast
34%
EX Series Sandstorm
34%
Sun & Moon Series Unbroken Bonds
34%
Sun & Moon Series Unified Minds
34%
EX Series FireRed & LeafGreen
33%
Black & White Series Plasma Storm
32%
Sun & Moon Series Celestial Storm
31%
EX Series Emerald
31%
Black & White Series Legendary Treasures
31%
EX Series Legend Maker
31%
HeartGold & SoulSilver Series Undaunted
31%
EX Series Dragon Frontiers
30%
EX Series Power Keepers
29%
EX Series Crystal Guardians
28%
EX Series Hidden Legends
26%
Sun & Moon Series Lost Thunder
26%
EX Series Team Magma vs Team Aqua
26%
HeartGold & SoulSilver Series Unleashed
26%
HeartGold & SoulSilver Series Call of Legends
25%
XY Series Double Crisis
25%
Sun & Moon Series Dragon Majesty
24%
Diamond & Pearl Series Stormfront
23%
HeartGold & SoulSilver Series Triumphant
23%
EX Series Unseen Forces
22%
Black & White Series Dragons Exalted
21%
Black & White Series Noble Victories
21%
Black & White Series Boundaries Crossed
20%
Sun & Moon Series Forbidden Light
20%
Black & White Series Dark Explorers
19%
Diamond & Pearl Series Majestic Dawn
19%
Diamond & Pearl Series Mysterious Treasures
19%
Diamond & Pearl Series Rising Rivals
19%
Black & White Series Next Destinies
18%
Diamond & Pearl Series Supreme Victors
18%
Black & White Series Dragon Vault
17%
Black & White Series Emerging Powers
17%
Diamond & Pearl Series Legends Awakened
17%
Diamond & Pearl Series Secret Wonders
17%
Sun & Moon Series Detective Pikachu
16%
Diamond & Pearl Series Great Encounters
16%
XY Series Kalos Starter Set
9%
No matching quizzes found
Score Distribution
Percent of People with Each Score
Percentile by Number Answered
Your Score History
You have not taken this quiz